000 01200nam a2200277 a 4500
003 AM-YEHGA
001 1284247
005 20250618080032.0
008 171211s2017 ai ||||fr|||| 00||0|arm||
020 _a9789939863740
040 _aAM-YeHGA
041 0 _aarm
100 1 _aԳասպարյան, Դավիթ Վազգենի,
_d1947-
_91501
245 1 0 _aՀոգու հայելի :
_b[Մենագրություն] /
_cԴ. Գասպարյան ; Խմբագիր՝ Ա. Ավանեսյան ; [Սրբագրիչ՝ Ա. Դավթյան].
260 _aԵրևան :
_b«Արմավ» հրատարակչություն,
_c2017.
300 _a236 էջ ;
_c17 սմ.
490 1 _a«XXI դար: Հայ գրողներ» մատենաշար
600 1 4 _aՄանուկյան, Խաչիկ Վաչագանի,
_d1964-
_94135
650 1 4 _aՀայ պոեզիա
650 1 4 _aՀայ գրականություն
_xՊատմություն և քննադատություն
_95493
700 1 _aԱվանեսյան, Արմեն
_eխմբագիր
_4edt
_98844
700 1 _aԴավթյան, Անահիտ
_eսրբագրիչ
_4crr
830 0 _a«XXI դար: Հայ գրողներ» մատենաշար
942 _2udc
_cBK
090 _c525556
999 _c521967
_d521967